000 005070000a22001810004500
003 MACL
005 20150710174430.0
008 150710b xxu||||| |||| 00| 0 eng d
040 _aMACL
_cMACL
041 _aEnglish
082 _a320
100 _aAgnihotri, S.K.
_91693
245 _aCommissions of Inquiry on Communal Disturbances
_bA study Volume 4
260 _bNational Foundation for Communal Harmony
_c2007
_aNew Delhi
350 _a4000
650 _aPolitical science
_988
942 _cBK
_k320
_2ddc
999 _c20549
_d20549